Revista de Investigación y Evaluación Educativa Vol. 12 Núm. 2 (2025): Revie - (Record no. 13464)
[ view plain ]
| 000 -LEADER | |
|---|---|
| campo de control de longitud fija | 02590nam a22002657a 4500 |
| 003 - IDENTIFICADOR DE NÚMERO DE CONTROL | |
| campo de control | OSt |
| 005 - FECHA Y HORA DE LA ÚLTIMA TRANSACCIÓN | |
| campo de control | 20251013105613.0 |
| 008 - DATOS DE LONGITUD FIJA--INFORMACIÓN GENERAL | |
| campo de control de longitud fija | 251013b |||||||| |||| 00| 0 spad |
| 022 ## - NÚMERO INTERNACIONAL NORMALIZADO PARA PUBLICACIONES SERIADAS | |
| Número Internacional Normalizado para Publicaciones Seriadas | 2409-1553 |
| 040 ## - FUENTE DE CATALOGACIÓN | |
| Centro catalogador/agencia de origen | CGIP |
| Lengua de catalogación | spa |
| Centro/agencia transcriptor | CGIP |
| Normas de descripción | RDA |
| 110 ## - ENTRADA PRINCIPAL--NOMBRE DE ENTIDAD CORPORATIVA | |
| Nombre de entidad corporativa o nombre de jurisdicción como elemento de entrada | Instituto Dominicano de Evaluación e Investigación de la Calidad Educativa (Ideice) |
| 245 ## - MENCIÓN DEL TÍTULO | |
| Título | Revista de Investigación y Evaluación Educativa Vol. 12 Núm. 2 (2025): Revie - |
| 260 ## - PUBLICACIÓN, DISTRIBUCIÓN, ETC. | |
| Lugar de publicación, distribución, etc. | Santo Domingo |
| Nombre del editor, distribuidor, etc. | Ideice |
| Fecha de publicación, distribución, etc. | 2025 |
| 300 ## - DESCRIPCIÓN FÍSICA | |
| Extensión | 130 páginas |
| 500 ## - NOTA GENERAL | |
| Nota general | Versión digital <br/> |
| 505 ## - NOTA DE CONTENIDO CON FORMATO | |
| Nota de contenido con formato | CONTENIDO0700. EVALUACIÓN EDUCATIVA EN TIEMPOS DE CAMBIOEVALUATION IN TIMES OF CHANGEDilcia D. Armesto Núñez1101. USO DE LA GAMIFICACIÓN EN LA REDACCIÓN DE ARTÍCULOS CIENTÍFICOS EN ESTUDIANTES DE INGENIERÍA, MÉRIDA, YUCATÁNGAMIFICATION APPLIED TO SCIENTIFIC ARTICLE WRITING IN ENGINEERING STUDENTS, MERIDA, YUCATANRutilio Nava Martínez • Augusto David Beltrán Poot3502. LA GESTIÓN COMO CATALIZADOR PARA LA INTEGRACIÓN DE TECNOLOGIAS DE LA INFORMACIÓN Y COMUNICACIÓN EN LA ENSEÑANZAEDUCATIONAL MANAGEMENT AS A CATALYST FOR THE INTEGRATION OF INFORMATION AND COMMUNICATION TECHNOLOGIES IN TEACHINGJuan Antonio Marrero-Pérez • Wilmania A. Díaz Pérez • Deivi Marrero Figuereo5903. LA FORMACIÓN DE LOS DOCENTES DE EDUCACIÓN FÍSICA Y SU DESEMPEÑO LABORAL EN LOS CENTROS EDUCATIVOSTHE TRAINING OF PHYSICAL EDUCATION TEACHERS AND THEIR JOB PERFORMANCE IN SCHOOLSÁngel Luis Durán7504. INTERACCIONES ENTRE SUSTANCIAS, VIOLENCIA INTRAFAMILIAR, ROLES DE GÉNERO Y SU IMPACTO EN EL BIENESTAR DE JÓVENES Y ADULTOSINTERACTIONS BETWEEN SUBSTANCE USE, DOMESTIC VIOLENCE, GENDER ROLES, AND THEIR IMPACT ON THE WELL-BEING OF YOUTH AND ADULTSWanda Marina Román-Santana • Judith Marcela Martínez-Alonzo • Lamec Fabian • Doris del Carmen de la Cruz Mena10705. LA PARTICIPACIÓN COMUNITARIA EN LOS CENTROS EDUCATIVOS: DESAFÍOS Y OPORTUNIDADES EN CONTEXTO DIVERSOCOMMUNITY PARTICIPATION IN EDUCATIONAL CENTERS: CHALLENGES AND OPPORTUNITIES IN DIVERSE CONTEXTSJuan José Mariñez Báez • Ruddy Medina-Calderón • Juan Antonio Marrero-Pérez<br/> |
| 610 ## - PUNTO DE ACCESO ADICIONAL DE MATERIA--NOMBRE DE ENTIDAD CORPORATIVA | |
| Nombre de entidad corporativa o nombre de jurisdicción como elemento de entrada | Instituto Dominicano de Evaluación e Investigación de la Calidad Educativa (Ideice) |
| Subdivisión geográfica | República Dominicana |
| 650 ## - PUNTO DE ACCESO ADICIONAL DE MATERIA--TÉRMINO DE MATERIA | |
| Término de materia o nombre geográfico como elemento de entrada | Evaluación Educativa |
| 650 ## - PUNTO DE ACCESO ADICIONAL DE MATERIA--TÉRMINO DE MATERIA | |
| Término de materia o nombre geográfico como elemento de entrada | USO DE LA GAMIFICACIÓN |
| 650 ## - PUNTO DE ACCESO ADICIONAL DE MATERIA--TÉRMINO DE MATERIA | |
| Término de materia o nombre geográfico como elemento de entrada | GESTIÓN COMO CATALIZADOR |
| 650 ## - PUNTO DE ACCESO ADICIONAL DE MATERIA--TÉRMINO DE MATERIA | |
| Término de materia o nombre geográfico como elemento de entrada | FORMACIÓN DE LOS DOCENTES |
| 710 ## - ENTRADA AGREGADA--NOMBRE DE ENTIDAD CORPORATIVA | |
| Nombre de entidad corporativa o nombre de jurisdicción como elemento de entrada | Centro de Gestión de la Información y Publicaciones |
| 856 ## - LOCALIZACIÓN Y ACCESO ELECTRÓNICOS | |
| Identificador Uniforme de Recurso | <a href="https://revie.gob.do/index.php/revie/article/view/240">https://revie.gob.do/index.php/revie/article/view/240</a> |
| 942 ## - ELEMENTOS DE ENTRADA SECUNDARIOS (KOHA) | |
| Fuente de la clasificación o esquema de estantería | Clasificación Decimal Dewey |
| Tipo de ítem Koha | Revistas |
| Suprimir en OPAC | No |
| Estatus retirado | Estado de pérdida | Fuente de la clasificación o esquema de estantería | Estado de daño | No para préstamo | Biblioteca de origen | Biblioteca actual | Fecha de adquisición | Total de préstamos | Visto por última vez | Identificador uniforme de recursos | Precio de reemplazo | Tipo de ítem Koha |
|---|---|---|---|---|---|---|---|---|---|---|---|---|
| Clasificación Decimal Dewey | Repositorio IDEICE | Repositorio IDEICE | 13/10/2025 | 13/10/2025 | https://revie.gob.do/index.php/revie/article/view/240 | 13/10/2025 | Revistas |